000 00760nam a2200241Ia 4500
003 OSt
005 20220924123340.0
006 a|||||r|||| 00| 0
007 ta
008 220923b |||||||| |||| 00| 0 san d
024 _a144425
037 _cTextual
040 _aARTS
_cARTS
_bsan
041 _2san
_asan
082 _aY173Q4:351, 15J4(Q4)
100 _aTakahata Kanga Ed
_9192502
245 0 _aRatnamalavadana
_b A garland of percious gems or a collection of edifying tales told in a metrical from belonging to the Mahayana
260 _aNA
_bNA
_c1954
490 _aOriental Library sereis D; 3
650 _aSOCIOLOGY
942 _hY173Q4:351, 15J4(Q4)
_cTEXL
_2CC
999 _c415374
_d415374